Most often searched actors on google - Statistics

General Stats
  • This quiz has been taken 25 times
  • The average score is 2 of 15
Answer Stats
# Answer % Correct
1 Brad Pitt
91%
6 Angelina Jolie
48%
12 Tom Hanks
26%
15 Dwayne Johnson
13%
8 Kevin Hart
9%
14 Justin Timberlake
4%
13 Margot Robbie
4%
5 Selena Gomez
4%
4 Ariana Grande
0%
9 Ellen DeGeneres
0%
11 Jimmy Fallon
0%
7 Michel Jackson
0%
2 Miley Cyrus
0%
3 Sunny leone
0%
10 Thomas Mikal Ford
0%
No matching quizzes found
Score Distribution
Percent of People with Each Score
Percentile by Number Answered
Your Score History
You have not taken this quiz